Grammaire élémentaire de la langue grecque (Record no. 166228)

MARC details
000 -LEADER
campo de control de longitud fija 00726nam a22001935i 4500
001 - NÚMERO DE CONTROL
campo de control 166228
003 - IDENTIFICADOR DE NÚMERO DE CONTROL
campo de control ES-MaACL
005 - FECHA Y HORA DE LA ÚLTIMA TRANSACCIÓN
campo de control 20230906213304.0
008 - DATOS DE LONGITUD FIJA--INFORMACIÓN GENERAL
campo de control de longitud fija 050914s1864 fr | |||||||| ||fre d
040 ## - FUENTE DE CATALOGACIÓN
Centro catalogador/agencia de origen CAM
Lengua de catalogación spa
Centro/agencia transcriptor CAM
100 1# - ENTRADA PRINCIPAL--NOMBRE DE PERSONA
Nombre de persona Theil, Napoleon.
9 (RLIN) 133208
245 10 - MENCIÓN DEL TÍTULO
Título Grammaire élémentaire de la langue grecque
Resto del título : a l'usage des établissements d'instruction publique /
Mención de responsabilidad, etc. rédigé sur les meilleurs travaux allemands ... par M. Theil.
250 ## - MENCION DE EDICION
Mención de edición 3e éd.
260 ## - PUBLICACIÓN, DISTRIBUCIÓN, ETC.
Lugar de publicación, distribución, etc. Paris :
Nombre del editor, distribuidor, etc. Librairie de Firmin Didot Frères, Fils et C.,
Fecha de publicación, distribución, etc. 1864.
300 ## - DESCRIPCIÓN FÍSICA
Extensión VIII, 296 p. ;
Dimensiones 22 cm.
650 04 - PUNTO DE ACCESO ADICIONAL DE MATERIA--TÉRMINO DE MATERIA
Término de materia o nombre geográfico como elemento de entrada Lengua griega-
Subdivisión de forma Libros escolares.
9 (RLIN) 162874
710 2# - ENTRADA AGREGADA--NOMBRE DE ENTIDAD CORPORATIVA
Nombre de entidad corporativa o nombre de jurisdicción como elemento de entrada Firmin-Didot.
9 (RLIN) 134388
852 4# - LOCALIZACIÓN
Ubicación ES-MaACL
Número de control de estantería B-12495
Nota libre - Enc. hol.
Holdings
Estatus retirado Estado de pérdida Estado de daño No para préstamo Colección Biblioteca de origen Biblioteca actual Ubicación en estantería Fecha de adquisición Fuente de adquisición Total de préstamos Signatura topográfica completa Código de barras Visto por última vez Precio de reemplazo Tipo de ítem Koha
        Libros del s. XIX Biblioteca del Ateneo de Madrid Biblioteca del Ateneo de Madrid Sala Pardo Bazán 17/01/2008     B-12495 1174328 23/02/2023 23/02/2023 Libro impreso antiguo